A pályaválasztás értékorientációs tényezői (Az általános iskola 7-8. osztályos tanulóinak vizsgálata alapján)

Elmentve itt :
Bibliográfiai részletek
Szerző: Gódor András
További közreműködők: Duró Lajos (Témavezető)
Dokumentumtípus: Szakdolgozat
Megjelent: 1983
Tárgyszavak:
Online Access:http://diploma.bibl.u-szeged.hu/55296
LEADER 00620nta a2200157 i 4500
001 dipl55296
005 20160202204554.0
008 160202s1983 hu om 0|| hun d
040 |a SZTE Diploma Repozitórium  |b hun 
041 |a hun 
100 1 |a Gódor András 
245 1 2 |a A pályaválasztás értékorientációs tényezői (Az általános iskola 7-8. osztályos tanulóinak vizsgálata alapján)  |h [elektronikus dokumentum] /  |c András Gódor 
260 |c 1983 
650 4 |a Bölcsészettudományok 
700 1 |a Duró Lajos  |e ths 
856 4 0 |u http://diploma.bibl.u-szeged.hu/id/eprint/55296/1/1983_godor_andras.pdf  |z Dokumentum-elérés